Welcome to the Holygrace Academy Library

Please use search bar below to get started

THE WOLF AND THE SEVEN LITTLE KIDS (Record no. 248)

MARC details
000 -LEADER
fixed length control field 00391nam a22001457a 4500
020 ## - INTERNATIONAL STANDARD BOOK NUMBER
ISBN 81-7826-469-2
082 ## - DEWEY DECIMAL CLASSIFICATION NUMBER
Classification number 823
Item number GRI/W
245 ## - TITLE STATEMENT
Title THE WOLF AND THE SEVEN LITTLE KIDS
Remainder of title SHORT STORIES
246 ## - VARYING FORM OF TITLE
Title proper/short title THE WOLD AND THE SEVEN LITTLE KIDS
Remainder of title SHORT STOIES
250 ## - EDITION STATEMENT
Edition statement 4712
260 ## - PUBLICATION, DISTRIBUTION, ETC. (IMPRINT)
Place of publication DELHI
Name of publisher ROHAN BOOK COMPANY
Year of publication 2003
300 ## - PHYSICAL DESCRIPTION
Number of Pages 224
520 ## - SUMMARY, ETC.
Summary, etc Modern illustrated classics
942 ## - ADDED ENTRY ELEMENTS (KOHA)
Koha item type Books
Holdings
Withdrawn status Lost status Collection code Home library Current library Date acquired Source of acquisition Cost, normal purchase price Full call number Accession Number Koha item type
    Fiction Main Library Main Library 02/06/2009 Purchase 30.00 823 GRI/W 04712 Books